| 000 | 00626nam a22001817a 4500 | ||
|---|---|---|---|
| 005 | 20251108173002.0 | ||
| 008 | 250721s1998 xx 000 0 ara d | ||
| 082 | 1 | 4 | _aم/218.9/ادر |
| 100 | 1 | _aادريس محمود، ادريس | |
| 245 | 1 | 0 | _aمظاهر الانحرافات العقديه عند الصوفيه و اثرها السيئ على الامه الاسلاميه / |
| 264 | 1 |
_aالرياض : _bمكتبة الرشد، _c1998. |
|
| 300 | _a3ج | ||
| 650 | 1 | 7 | _aالفرق الاسلاميه |
| 650 | 1 | 7 | _aالتصوف الاسلامي |
| 650 | 1 | 7 | _aالصوفيون |
| 942 |
_2ddc _cREF |
||
| 999 |
_c93389 _d93389 |
||